000 01052nam a22002657a 4500
001 536
005 20230524144600.0
008 230524b cb ||||| |||| 00| 0 eng d
020 _a9781409582182
040 _aFISKH
_beng
_cFISKH
_dFISKH
050 _aQ163.F75
082 _a500
100 _aFrith, Alex
245 _a100 things to know about science
_cWritten by Alex Frith, Minna Lacey, Jerome Martin & Jonathan Melmoth
260 _aLondon
_bUsborne
_c2015.
300 _a127 pages :
_c25 cm
505 _aQ
520 _aScience is a huge topic, but this friendly book breaks it down into bite-sized chunks, making it an accessible introduction for anyone who wants to find out about this fascinating subject. Highly illustrated, in a pictorial, 'infographics' style, with snippets of information about all aspects of science from particle physics to genes and DNA.
521 _a900
_bLexile IG
521 _aQ
_bRaz-Plus
700 _aLacey, Minna
700 _aMartin, Jerome
700 _aMelmoth, Jonathan
942 _2ddc
_cBK
_n0
999 _c536
_d536